Auction theory

Gespeichert in:
Bibliographische Detailangaben
1. Verfasser: Krishna, Vijay
Format: Buch
Sprache:Englisch
Veröffentlicht: Burlington Elsevier 2010
Ausgabe:2nd ed.
Schlagworte:
Tags: Tag hinzufügen
Keine Tags, Fügen Sie das erste Tag hinzu!

MARC

LEADER 00000nam$a2200000$$$4500
001 0116623
005 20240226124231.1
020 |a 978-0-12-374507-1 
041 0 |a eng 
044 |a US 
245 1 0 |a Auction theory  |c Vijay Krishna 
250 |a 2nd ed. 
264 1 |a Burlington  |b Elsevier  |c 2010 
300 |a 323 s. 
610 2 0 |a teórie ekonomické 
610 2 0 |a aukcie 
610 2 0 |a modelovanie ekonometrické 
100 1 |a Krishna, Vijay